000 01161nab a22002537a 4500
999 _c6242
_d6242
003 OSt
005 20260127192332.0
008 190514b xxu||||| |||| 00| 0 spa d
040 _cPJ
100 _96753
_aRomero, María Cecilia
245 1 3 _aLos alcances de juzgar con perspectiva de género /
_cMaría Cecilia Romero.
300 _ap. 130-135
500 _aCita: TR LALEY AR/DOC/1589/2025.
505 _aSumario: I. Breve síntesis.— II. Situación fáctica y jurídica.— III. La perspectiva de género como punto de partida.— IV. Reflexiones finales.
505 _tFallo comentado: CCiv. y Com., Necochea ~ 05/03/2025 ~ B. F. G. M. y otros c. B. P. M. s/ daños y perjuicios extracontractual (exc. autom./ estado).
650 0 _9967
_aDERECHO DE FAMILIA
650 0 _9217
_aPODER JUDICIAL
650 0 _92095
_aSENTENCIA
650 0 _94044
_aPERSPECTIVA DE GÉNERO
650 0 _93331
_aOBLIGACIONES DEL JUEZ
650 0 _91057
_aJURISPRUDENCIA APLICABLE
773 0 _02844
_93222
_dBuenos Aires : AbeledoPerrot, 1989-
_tDerecho de familia. Revista Interdisciplinaria de doctrina y jurisprudencia. Agosto 2025-IV.
_z18511201
942 _2udc
_cANA